000 00623nam a2200229Ia 4500
999 _c49647
_d49647
001 16579
003 GE_BSU
005 20250128175225.0
008 181216s2006||||enk|||||||||||||| ||eng||
020 _a9781405815642
040 _cGE_BSU
041 _aeng
080 _a811.111(075.8) A-18
100 _aAcklam, Richard
_93176
245 _aTotal English : Upper intermediate :
_bStudents book /
_cRichard Acklam, Araminta Crace.
264 _aEdinburg :
_bPearson /Longman,
_c2006.
300 _a176 p. ;
_c29 cm.
541 _h5ლ.
653 _aTotal English
653 _aUpper intermediate
942 _cBK
_2udc